Gyógyszeripari értéklánc és fenntartható fejlődés - különös tekintettel a hazai gyógyszeripar két vállalatára
| Szerző: | |
|---|---|
| További közreműködők: | |
| Dokumentumtípus: | TDK dolgozat |
| Kulcsszavak: | ellátási lánc - ellátó hálózat fenntartható fejlődés fenntarthatóság gyógyszeripar nemzetközi értékláncok vállalatgazdaságtan vállalati elemzés |
| Online Access: | http://dolgozattar.uni-bge.hu/60426 |
MARC
| LEADER | 00000nta a2200000 i 4500 | ||
|---|---|---|---|
| 001 | dolg60426 | ||
| 005 | 20260416073656.0 | ||
| 008 | 260416suuuu hu o 000 hun d | ||
| 040 | |a BGE Dolgozattár Repozitórium |b hun | ||
| 041 | |a hu | ||
| 100 | 1 | |a Kocsor Kata Laura | |
| 245 | 1 | 0 | |a Gyógyszeripari értéklánc és fenntartható fejlődés - különös tekintettel a hazai gyógyszeripar két vállalatára |c Kocsor Kata Laura |h [elektronikus dokumentum] |
| 516 | |a Students_Scientific_Association_paper | ||
| 520 | 3 | |a A gyógyszeripar napjaink globális gazdaságának egyik legösszetettebb és legszigorúbban szabályozott ágazata, amely egyszerre képvisel jelentős gazdasági és szellemi hozzáadott értéket, valamint számottevő környezeti terhelést. Működése a globális értékláncok (GVC) logikájába illeszkedik, amelynek minden szakasza–a kutatás-fejlesztéstől a gyártáson és csomagoláson át a logisztikáig és a hulladékkezelésig–közvetlen vagy közvetett környezeti és társadalmi hatásokat hordoz. Dolgozatom célja, hogy a fenntartható fejlődés szemszögéből elemezzem a gyógyszeripari értéklánc struktúráját, különös tekintettel a hazai gyógyszeripar sajátosságaira és két meghatározó szereplőjére: a Richter Gedeon Nyrt.-re és a Teva Gyógyszergyár Zrt.-re. A kutatás központi kérdése, hogy miként valósulhat meg a fenntarthatóság az értéklánc egészében, illetve milyen korlátokat és lehetőségeket jelentenek az ágazat szereplői számára a környezetvédelmi, etikai és szabályozási elvárások. A tanulmány vizsgálja az originális és a generikus készítmények értéklánc-szerkezetét is,ezáltal feltárva, hogy a hazai gyógyszeripar – történeti fejlődése és gazdasági szerkezete okán miért alapvetően generikus jellegű, és hogyan befolyásolja ez a fenntarthatósági teljesítményt. A dolgozat kevert módszertant alkalmaz: szekunder források (szakirodalmi, statisztikai és vállalati dokumentumok, jelentések) elemzésén túl interjút készítettem a Richter Gedeon Nyrt. szakértőivel. A vizsgálat kitér a kutatás-fejlesztési, gyártási, csomagolási, logisztikai és hulladékkezelési szakaszokra, értékelve azok környezeti lábnyomát és az alkalmazott zöld innovációkat. A magyar gyógyszeripar nemzetközi integrációja, exportorientáltsága és a beszállítói lánc komplexitása révén a fenntarthatóság megvalósítása összetett feladat, amely az etikai felelősség és a társadalmi elvárások szintjén is kihívásokat hordoz. Eredményeim alapján a vizsgált vállalatok tudatosan törekednek a környezeti terhelés csökkentésére, a víz- és energiahatékonyság javítására, valamint a karbonlábnyom mérséklésére. Ugyanakkor megállapítható, hogy a gyógyszeripar egész értékláncát átható szennyezési források, a nyersanyag-előállítástól a hulladékkezelésig, lehetetlenné teszik a teljes körű fenntarthatóságot. A jövőbeli cél az értéklánc minden szintjén történő átláthatóság, körforgásos szemlélet és etikai felelősségvállalás erősítése, amely hozzájárulhat a hazai gyógyszeripar nemzetközi versenyképességének és környezeti integritásának együttes megőrzéséhez. | |
| 695 | |a ellátási lánc - ellátó hálózat | ||
| 695 | |a fenntartható fejlődés | ||
| 695 | |a fenntarthatóság | ||
| 695 | |a gyógyszeripar | ||
| 695 | |a nemzetközi értékláncok | ||
| 695 | |a vállalatgazdaságtan | ||
| 695 | |a vállalati elemzés | ||
| 700 | 1 | |a Antalóczy Dr. Katalin Júlia |e ths | |
| 856 | 4 | 0 | |u http://dolgozattar.uni-bge.hu/60426/1/Kocsor_Kata_Laura_NGK_TDK.pdf |z Dokumentum-elérés |
| 856 | 4 | 0 | |u http://dolgozattar.uni-bge.hu/60426/2/Kocsor_Kata_Laura_NGK_TDK.zip |z Dokumentum-elérés |
| 856 | 4 | 0 | |u http://dolgozattar.uni-bge.hu/60426/3/Kocsor_Kata_NGK_GT.pdf |z Dokumentum-elérés |
| 856 | 4 | 0 | |u http://dolgozattar.uni-bge.hu/60426/4/Kocsor_Kata_Laura_NGK_TPSM.doc |z Dokumentum-elérés |